Arquitectas pioneras de Galicia : (Record no. 190579)

MARC details
000 -LEADER
campo de control de longitud fija 01314nam a2200301 i 4500
001 - NÚMERO DE CONTROL
campo de control 190579
003 - IDENTIFICADOR DE NÚMERO DE CONTROL
campo de control ES-MaACL
005 - FECHA Y HORA DE LA ÚLTIMA TRANSACCIÓN
campo de control 20260310134444.0
008 - DATOS DE LONGITUD FIJA--INFORMACIÓN GENERAL
campo de control de longitud fija 220104s2016 sp a 001 0dspa
020 ## - NÚMERO INTERNACIONAL ESTÁNDAR DEL LIBRO
Número Internacional Estándar del Libro 978-84-9749-649-0
080 ## - NÚMERO DE LA CLASIFICACIÓN DECIMAL UNIVERSAL
Número de la Clasificación Decimal Universal 72-055.2(460.11)(047.53)
245 00 - MENCIÓN DEL TÍTULO
Título Arquitectas pioneras de Galicia :
Resto del título ocho entrevistas /
Mención de responsabilidad, etc. María Carreiro, Cándido López (editores).
260 ## - PUBLICACIÓN, DISTRIBUCIÓN, ETC.
Lugar de publicación, distribución, etc. A Coruña :
Nombre del editor, distribuidor, etc. Universidade da Coruña, Servizo de Publicacións,
Fecha de publicación, distribución, etc. 2016.
300 ## - DESCRIPCIÓN FÍSICA
Extensión 293 p. :
Otras características físicas il. ;
Dimensiones 24 cm.
490 1# - MENCIÓN DE SERIE
Mención de serie Monografías ;
Designación de volumen o secuencia 159
500 ## - NOTA GENERAL
Nota general Índice disponible en Dialnet.
501 ## - NOTA DE CON
Nota de "Con" Con archivos de audio de las entrevistas en códigos QR.
596 ## - NOTA AL PIE DE IMPRENTA
NOTA AL PIE DE IMPRENTA En contracub.: GAUS, Grupo de Arquitectura e Urbanismo Sostible
650 #4 - PUNTO DE ACCESO ADICIONAL DE MATERIA--TÉRMINO DE MATERIA
Término de materia o nombre geográfico como elemento de entrada Arquitectas-
Subdivisión geográfica Galicia.
9 (RLIN) 173988
700 1# - ENTRADA AGREGADA--NOMBRE PERSONAL
Nombre de persona Carreiro, María.
9 (RLIN) 171158
700 1# - ENTRADA AGREGADA--NOMBRE PERSONAL
Nombre de persona López González, Cándido.
9 (RLIN) 173912
710 2# - ENTRADA AGREGADA--NOMBRE DE ENTIDAD CORPORATIVA
Nombre de entidad corporativa o nombre de jurisdicción como elemento de entrada Universidade da Coruña.
9 (RLIN) 173914
830 10 - PUNTO DE ACCESO ADICIONAL DE SERIE-TÍTULO UNIFORME
Título uniforme Monografías (Centro de Estudios Benaventanos "Ledo del Pozo")
Designación de volumen o secuencia 159
9 (RLIN) 177262
852 4# - LOCALIZACIÓN
Ubicación ES-MaACL
Número de control de estantería A-14835
itemnumber 197757
Ubicación en estantería Depósito 1
Signatura antigua Olim: N-7835
Donativo/Legado Donativo: Editorial
856 4# - LOCALIZACIÓN Y ACCESO ELECTRÓNICOS
Identificador Uniforme de Recursos <a href="https://dialnet.unirioja.es/servlet/libro?codigo=689803&utm_source=catalogo.bne.es&utm_medium=libro&utm_campaign=Dialnet_Widgets">https://dialnet.unirioja.es/servlet/libro?codigo=689803&utm_source=catalogo.bne.es&utm_medium=libro&utm_campaign=Dialnet_Widgets</a>
Texto de enlace Índice (Dialnet)
942 ## - ELEMENTOS DE ENTRADA SECUNDARIOS (KOHA)
Fuente del sistema de clasificación o colocación Clasificación decimal universal
Holdings
Estatus retirado Estado de pérdida Fuente del sistema de clasificación o colocación Estado de daño No para préstamo Colección Biblioteca de origen Biblioteca actual Ubicación en estantería Fecha de adquisición Fuente de adquisición Total de préstamos Signatura topográfica completa Código de barras Visto por última vez Precio de reemplazo Tipo de ítem Koha
    Clasificación decimal universal     Colección digital Biblioteca del Ateneo de Madrid Biblioteca del Ateneo de Madrid Depósito 1 04/01/2022 Donación   A-14835 1202793 23/02/2023 23/02/2023 Libro impreso